L'Eremitismo in occidente nei secoli XI e XII : (Record n. 26128)
[ formato base ]
| 000 -LEADER | |
|---|---|
| fixed length control field | 01541nam a2200289 i 4500 |
| 003 - CONTROL NUMBER IDENTIFIER | |
| control field | IT-RoINE |
| 005 - DATE AND TIME OF LATEST TRANSACTION | |
| control field | 20200515100825.0 |
| 008 - FIXED-LENGTH DATA ELEMENTS--GENERAL INFORMATION | |
| fixed length control field | 960429s1965 it abef|r 101|||mul|d |
| 040 ## - CATALOGING SOURCE | |
| Transcribing agency | IT-RoINE |
| Modifying agency | IT-RoINE |
| 041 0# - LANGUAGE CODE | |
| Language code of text/sound track or separate title | fre |
| -- | ger |
| -- | ita |
| 110 2# - MAIN ENTRY--CORPORATE NAME | |
| 9 (RLIN) | 51737 |
| Corporate name or jurisdiction name as entry element | Università cattolica del Sacro Cuore. |
| Subordinate unit | Centro di studi medioevali. |
| -- | Settimana internazionale di studio |
| Number of part/section/meeting | (2ª. |
| Date of meeting or treaty signing | 1962. |
| Location of meeting | Passo della Mendola, Italia) |
| 245 12 - TITLE STATEMENT | |
| Title | L'Eremitismo in occidente nei secoli XI e XII : |
| Remainder of title | atti della seconda Settimana internazionale di studio, Mendola, 30 agosto-6 settembre 1962. |
| 260 ## - PUBLICATION, DISTRIBUTION, ETC. (IMPRINT) | |
| Place of publication, distribution, etc | Milano : |
| Name of publisher, distributor, etc | Vita e Pensiero, |
| Date of publication, distribution, etc | [1965] |
| 300 ## - PHYSICAL DESCRIPTION | |
| Extent | VIII, 690 p., [39] p. de lám., [4] h. de lám. pleg. : |
| Other physical details | il., mapas, planos ; |
| Dimensions | 24 cm. |
| 336 ## - CONTENT TYPE | |
| Source | rdacontent |
| Content type term | text |
| 337 ## - MEDIA TYPE | |
| Source | rdamedia |
| Media type term | unmediated |
| 338 ## - CARRIER TYPE | |
| Source | rdacarrier |
| Carrier type term | volume |
| 490 1# - SERIES STATEMENT | |
| Series statement | Pubblicazioni dell'Università Cattolica del S. Cuore. |
| -- | Contributi. |
| -- | Serie terza, |
| -- | Varia ; |
| Volume number/sequential designation | 4 |
| 490 1# - SERIES STATEMENT | |
| Series statement | Pubblicazioni dell'Università Cattolica del S. Cuore. |
| -- | Miscellanea del Centro di Studi medioevali ; |
| Volume number/sequential designation | 4 |
| 500 ## - GENERAL NOTE | |
| General note | Incluye índices. |
| 504 ## - BIBLIOGRAPHY, ETC. NOTE | |
| Bibliography, etc | Incluye referencias bibliográficas en notas. |
| 546 ## - LANGUAGE NOTE | |
| Language note | Textos en alemán, francés e italiano. |
| 650 #4 - SUBJECT ADDED ENTRY--TOPICAL TERM | |
| Topical term or geographic name as entry element | Eremitas |
| Geographic subdivision | Europa |
| General subdivision | Historia |
| Form subdivision | Congresos |
| 9 (RLIN) | 51738 |
| 830 #0 - SERIES ADDED ENTRY--UNIFORM TITLE | |
| 9 (RLIN) | 51719 |
| Uniform title | Pubblicazioni dell'Università cattolica del Sacro Cuore. |
| Number of part/section of a work | Serie terza, |
| Name of part/section of a work | Contributi. |
| -- | Varia ; |
| Volume number/sequential designation | 4 |
| 830 #0 - SERIES ADDED ENTRY--UNIFORM TITLE | |
| 9 (RLIN) | 51709 |
| Uniform title | Pubblicazioni dell'Università cattolica del Sacro Cuore. |
| Name of part/section of a work | Miscellanea del Centro di studi medioevali |
| Volume number/sequential designation | 4 |
| 942 ## - ADDED ENTRY ELEMENTS (KOHA) | |
| Item type | Monografías |
| Withdrawn status | Lost status | Damaged status | Not for loan | Home library | Current library | Date acquired | Total Checkouts | Full call number | Barcode | Date last seen | Price effective from | Koha item type |
|---|---|---|---|---|---|---|---|---|---|---|---|---|
| Iglesia Nacional Española en Roma | Iglesia Nacional Española en Roma | 18/07/2018 | HIS.ECL 230 | 51749 | 18/07/2018 | 18/07/2018 | Monografías |